LDR 00737naa#a2200181#i#450# 001 EN\\bibl\120700 005 20260418024054.6 011 ## _a2073-5537 100 ## _a20260416b2026####ek#y0engy0150####ca 102 ## _aRU 200 1# _aAssessment of the tax expenditure management effectiveness by the subjects of the Russian Federation _eJournal article 210 1# _aAstrakhan _cAstrakhan State Technical University _d2026 215 ## _a8 с. 608 ## _aJournal article _2local 675 ## _aРегиональное, территориальное экономическое и социальное планирование, планы. 332.145 _z 700 #1 _aGavrilova _gOlga Anatolievna 700 #1 _aPetrova _gEugenia Petrovna 856 4# _avestnik.astu.org _u